[Event "Match"]
[Site "www.echecsemail.com"]
[Date "2018.07.21"]
[Round "1"]
[White "Hundegana"]
[Black "Gidgud"]
[WhiteElo "2100"]
[BlackElo "2109"]
[Result "0-1"]
[Round "1"]
1.e4 e6
2.Nb1c3 d5
3.exd5 exd5
4.Qd1e2 Bf8e7
5.g3 Ng8f6
6.Bf1g2 Nb8c6
7.Ng1f3 O-O
8.O-O Rf8e8
9.Qe2d1 Bc8g4
10.h3 Bg4xf3
11.Bg2xf3 Qd8d7
12.Bf3g2 d4
13.Nc3e2 Be7d6
14.d3 Qd7f5
15.Bg2xc6 bxc6
16.Ne2xd4 Qf5xh3
17.Qd1f3 Nf6g4
18.Qf3g2 Qh3xg2
19.Kxg2 Bd6c5
20.c3 Bc5xd4
21.cxd4 Ra8d8
22.f3 Ng4e3
23.Bc1xe3 Re8xe3
24.Ra1d1 Rd8xd4
25.Rf1e1 Re3e6
26.Re1xe6 fxe6
27.Kf2 Kf7
28.Ke3 Rd4d5
29.Rd1c1 c5
30.b3 Ke7
31.Rc1h1 h6
32.f4 e5
33.f5 Kf6
34.g4 Rd5d4
35.Rh1g1 Kg5
36.Rg1c1 Rd4xg4
37.Rc1xc5 Kxf5
38.Rc5xc7 h5
39.Rc7xa7 g5
40.a4 Rg4b4
41.a5 Rb4xb3
42.a6 Rb3a3
43.Ra7a8 Kg4
44.a7 h4
45.Ke4 h3
46.Kxe5 h2
47.Ra8h8 Kg3
48.d4 Ra3xa7
49.d5 g4
50.d6 Kg2
51.Ke6 h1Q
52.Rh8xh1 Kxh1
53.d7 Ra7xd7
54.Kxd7 g3
55.Ke6 g2
56.Kf5 g1Q
57.Kf4 Qg1d4
58.Kg3 Qd4e4
59.Kh3 Kg1
60.Kg3 Kf1
61.Kh3 Kf2
62.Kh2 Qe4h4

0-1

[Event "Tourn. n9861"]
[Site "www.echecsemail.com"]
[Date "2018.07.21"]
[Round "1"]
[White "Julian"]
[Black "Esperanza"]
[WhiteElo "1820"]
[BlackElo "1810"]
[Result "1-0"]
[Round "1"]
1.e4 c5
2.Ng1f3 d6
3.d4 cxd4
4.Nf3xd4 Ng8f6
5.Nb1c3 e6
6.Bf1c4 a6
7.O-O Bf8e7
8.Bc1g5 O-O
9.Bc4b3 Nb8c6
10.Nd4xc6 bxc6
11.Rf1e1  { time }
1-0

[Event "Tourn. n9855"]
[Site "www.echecsemail.com"]
[Date "2018.07.21"]
[Round "1"]
[White "Bojan"]
[Black "Hundegana"]
[WhiteElo "2020"]
[BlackElo "2070"]
[Result "1-0"]
[Round "1"]
1.e4 c5
2.Ng1f3 Nb8c6
3.d4 Qd8a5
4.c3 g6
5.d5 Nc6b8
6.Bc1d2 Bf8g7
7.Qd1b3 d6
8.Bf1b5 Bc8d7
9.Bb5xd7 Nb8xd7
10.Nb1a3 Qa5c7
11.Ra1b1 Ng8f6
12.Qb3c2 a6
13.h3 h6
14.Qc2c1 Nf6xe4
15.Bd2e3 b6
16.Na3c4 b5
17.Nc4d2 Ne4xd2
18.Qc1xd2 O-O
19.Be3xh6 f6
20.O-O Kh7
21.Bh6xg7 Kxg7
22.Rb1e1 Ra8e8
23.h4 Rf8h8
24.b4 c4
25.Nf3d4 e5
26.Nd4e6 Re8xe6
27.dxe6 Nd7b6
28.g3 Qc7e7
29.f4 Qe7xe6
30.Qd2e3 d5
31.fxe5 fxe5
32.Kh2 e4
33.Qe3d4 Kg8
34.Rf1f6 Qe6e8
35.Qd4xb6 Rh8h6
36.Qb6xa6 e3
37.Qa6e6 Qe8xe6
38.Rf6xe6 Kf7
39.Re1xe3 Rh6h5
40.Re6e5 d4
41.Re5e7 Kf8
42.Re3e5 dxc3
43.Re5e1 c2
44.Re7e2 g5
45.Re2e5 Kf7
46.Re5xb5 c3
47.Rb5c5 Kf6
48.Re1c1 Rh5h8
49.Kh3 gxh4
50.gxh4 Rh8b8
51.a3 Rb8d8
52.Rc5xc3 Kf5
53.Rc1xc2 Rd8a8
54.Rc2g2 Ke4
55.b5 Kd4
56.Rc3b3 Kc4
57.Rb3b4 Kc5
58.a4 Kxb4
59.Rg2g4 Ka5
60.h5 Ra8f8
61.Kh4 Rf8h8
62.Rg4f4 Rh8g8
63.h6 Rg8h8
64.Kh5 Rh8g8
65.h7 Rg8d8
66.Kg6 Rd8d6
67.Kg7 Rd6d7
68.Rf4f7 Rd7d5
69.Rf7a7 Kb6
70.Ra7a6 Kb7
71.h8Q Rd5g5
72.Kh6 Rg5d5
73.Qh8a8 Kc7
74.Qa8xd5 Kb8
75.Qd5d8 Kb7
76.Ra6b6 Ka7
77.Qd8b8 { resign }
1-0

[Event "Tourn. n9849"]
[Site "www.echecsemail.com"]
[Date "2018.07.21"]
[Round "1"]
[White "Andychesston"]
[Black "Cathar"]
[WhiteElo "2000"]
[BlackElo "2170"]
[Result "0-1"]
[Round "1"]
1.e4 e6
2.d4 d5
3.exd5 exd5
4.Ng1f3 Bf8d6
5.Nb1c3 c6
6.Bc1g5 Ng8e7
7.Nf3e5 Nb8d7
8.Ne5xf7 Kxf7
9.Qd1f3 Nd7f6
10.h3 Rh8f8
11.Bg5xf6 gxf6
12.Bf1d3 Kg8
13.Qf3h5 f5
14.g4 Qd8e8
15.Qh5g5 Qe8g6
16.Qg5h4 Qg6f6
17.g5 Qf6e6
18.Kd2 Ne7g6
19.Qh4xh7 Kxh7
20.Ra1e1 Qe6f7
21.h4 Ng6f4
22.g6 Qf7xg6
23.h5 Qg6f6
24.Re1g1 Nf4xd3
25.cxd3 Bc8e6
26.Rg1g6 Qf6f7
27.Rh1g1 Rf8g8
28.a3 Bd6f4
29.Kc2 Rg8xg6
30.hxg6 Qf7xg6
31.Nc3e2 Qg6xg1
32.Ne2xg1 Ra8g8
33.Ng1e2 Bf4d6
{ resign }
0-1

[Event "Match"]
[Site "www.echecsemail.com"]
[Date "2018.07.21"]
[Round "1"]
[White "Iituchess"]
[Black "Micheles"]
[WhiteElo "1809"]
[BlackElo "2590"]
[Result "1-0"]
[Round "1"]
1.e4 c6
2.d4 d5
3.Nb1c3 dxe4
4.Nc3xe4 Bc8f5
5.Ne4g3 Bf5g6
6.Ng1f3 Nb8d7
7.Bf1d3 Bg6xd3
8.Qd1xd3 Qd8c7
9.O-O Ng8f6
10.Rf1e1 e6
11.Qd3e2 Bf8d6
12.Ng3f5 h6
13.Nf5xd6 Qc7xd6
14.a4 O-O
15.b3 Rf8c8
16.c4 a5
17.Bc1d2 Rc8d8
18.Ra1d1 Qd6c7
19.h3 Qc7b6
20.Qe2e3 c5
21.Bd2c1 cxd4
22.Nf3xd4 Nd7c5
23.Bc1a3 Nc5d7
24.Rd1d2 Ra8c8
25.Re1d1 Nd7c5
26.Nd4b5 Rd8xd2
27.Qe3xd2 Nc5d7
28.Ba3b2 Rc8a8
29.Bb2c3 e5
30.Qd2e1 e4
31.Rd1d6 Qb6c5
32.Bc3xa5 Qc5g5
33.Ba5c3 Nd7e5
34.Kf1 Ne5f3
35.Qe1e2 Nf3h2
36.Kg1 Nh2f3
37.Kh1 Nf3h4
38.g3 Qg5f5
39.g4 Qf5f4
40.Qe2e3 Qf4xe3
41.fxe3 Nf6h7
42.a5 Nh7g5
43.Rd6d7 { resign }
1-0

[Event "1/32 Finale"]
[Site "www.chess-mail.com"]
[Date "2018.07.21"]
[Round "1"]
[White "Reignblowcan"]
[Black "Bevittsmith"]
[WhiteElo "2530"]
[BlackElo "2220"]
[Result "1-0"]
[Round "1"]
1.c4 e5
2.g3 Ng8f6
3.Bf1g2 d5
4.cxd5 Nf6xd5
5.Ng1f3 Nb8c6
6.O-O Bf8e7
7.d4 exd4
8.Nf3xd4 Nc6xd4
9.Qd1xd4 Bc8e6
10.Qd4xg7 { resign }
1-0

[Event "Tourn. n9694"]
[Site "www.chess-mail.com"]
[Date "2018.07.22"]
[Round "1"]
[White "Paulsyd"]
[Black "Ejner"]
[WhiteElo "2450"]
[BlackElo "2380"]
[Result "1-0"]
[Round "1"]
1.e4 c5
2.Ng1f3 e6
3.d4 cxd4
4.Nf3xd4 Ng8f6
5.Nb1c3 Nb8c6
6.Nd4b5 Bf8b4
7.a3 Bb4xc3
8.Nb5xc3 d5
9.exd5 exd5
10.Bf1d3 O-O
11.O-O d4
12.Nc3e2 Bc8g4
13.Bc1g5 h6
14.Bg5h4 Bg4xe2
15.Bd3xe2 Rf8e8
16.Ra1b1 Re8e4
17.Bh4g3 Qd8b6
18.Be2d3 Re4e8
19.Rf1e1 Re8xe1
20.Qd1xe1 Ra8e8
21.Qe1d2 Nf6h5
22.Rb1e1 Re8xe1
23.Qd2xe1 Qb6d8
24.b4 Nh5xg3
25.hxg3 Qd8d7
26.Qe1e4 g6
27.Bd3c4 Kf8
28.Qe4f4 h5
29.Qf4f6 a6
30.Kf1 Ke8
31.Ke2 Nc6d8
32.Qf6e5 Kf8
33.Kd3 Qd7a4
34.Qe5c5 Ke8
35.b5 Qa4a5
36.Qc5b4 Qa5c7
37.bxa6 bxa6
38.Bc4xa6 Nd8e6
39.Ba6c4 Ne6c5
40.Kxd4 Qc7d6
41.Bc4d5 Nc5e6
42.Kc4 Qd6c7
43.Kb3 Ne6c5
44.Ka2 Kf8
45.a4 Kg8
46.Qb4b5 Kg7
47.a5 Nc5a6
48.c4 Qc7d6
49.Qb5b6 Qd6e5
50.Qb6xa6 Qe5e2
51.Ka3 Qe2d3
52.Kb4 Qd3d2
53.Kb5 Qd2b2
54.Kc6 Qb2f6
55.Kb7 Qf6e7
56.Kb6 Qe7f6
57.Kb5 Qf6b2
58.Kc6 Qb2f6
59.Kb7 Qf6e7
60.Kb6 Qe7f6
61.Ka7 { resign }
1-0

[Event "Tourn. n9870"]
[Site "www.echecsemail.com"]
[Date "2018.07.22"]
[Round "1"]
[White "Ditto"]
[Black "Alekpax"]
[WhiteElo "1900"]
[BlackElo "1859"]
[Result "0-1"]
[Round "1"]
1.e4 e5
2.Ng1f3 Nb8c6
3.Bf1b5 Ng8f6
4.d3 d6
5.Bc1g5 Bf8e7
6.c3 h6
7.Bg5e3 O-O
8.O-O Nf6g4
9.Be3d2 f5
10.Rf1e1 Be7h4
11.Re1f1 Bh4xf2
12.Rf1xf2 fxe4
13.dxe4 Ng4xf2
14.Kxf2 Qd8h4
15.Kf1 Qh4xh2
16.Qd1e2 Rf8xf3
17.Qe2xf3 Bc8e6
18.Bd2e3 Ra8f8
19.Qf3xf8 Kxf8
20.Nb1d2 Qh2h1
21.Be3g1 Nc6e7
22.Bb5e2 Ne7g6
23.Be2f3 Ng6f4
24.Kf2 Be6g4
25.Ke3 Bg4xf3
26.gxf3 Nf4h3
27.Ra1b1 Nh3xg1
28.Kd3 Qh1h2
29.Rb1f1 Ng1e2
30.b4 Ne2f4
31.Kc2 Qh2e2
32.a4 Nf4g2
33.Kc1 Ng2e3
34.Rf1h1 Qe2d3
{ resign }
0-1

[Event "Tourn. n9849"]
[Site "www.echecsemail.com"]
[Date "2018.07.22"]
[Round "1"]
[White "Andychesston"]
[Black "Fantomas"]
[WhiteElo "2000"]
[BlackElo "2110"]
[Result "0-1"]
[Round "1"]
1.e4 d5
2.exd5 Qd8xd5
3.Nb1c3 Qd5d8
4.d4 Bc8f5
5.Ng1f3 h6
6.Bf1d3 Bf5xd3
7.Qd1xd3 a6
8.Bc1f4 Ng8f6
9.Qd3c4 c6
10.Nf3e5 e6
11.O-O-O Bf8e7
12.Rh1e1 O-O
13.Ne5g6 Rf8e8
14.Ng6e5 Nf6d5
15.g3 Nd5xf4
16.gxf4 Be7h4
17.Re1e2 Nb8d7
18.Nc3e4 Nd7xe5
19.dxe5 Qd8c7
20.Ne4d6 Re8d8
21.f5 Qc7e7
22.f6 Bh4xf6
23.exf6 Qe7xf6
24.Re2d2 Ra8b8
25.Nd6e4 Qf6e7
26.Rd2xd8 Rb8xd8
27.Rd1xd8 Qe7xd8
28.Qc4c5 Qd8h4
29.Qc5e5 Qh4g4
30.Kd2 f6
31.Qe5b8 Kh7
32.Ne4xf6 gxf6
33.Qb8xb7 Kg6
34.Qb7xa6 Qg4f4
35.Kc3 Qf4e5
36.Kb3 Qe5xh2
37.Qa6xc6 Qh2h3
38.c3 h5
39.Qc6e8 Kg5
40.a4 Qh3f5
41.Qe8b5 h4
42.Qb5f1 h3
43.f3 Kf4
44.Qf1h1 Qf5d5
45.Ka3 Qd5xf3
46.Qh1h2 Qf3g3
47.Qh2d2 Kf5
48.Qd2c2 Kg5
49.a5 h2
50.Qc2c1 Kg6
51.Qc1h1 Qg3g1
52.Qh1e4 Kg5
53.Qe4xe6 h1Q
54.Qe6g8 Kf4
55.Qg8c4 Qh1e4
56.Qc4c7 Kf3
57.Qc7f7 Qg1c5
58.b4 Qc5xc3
59.Qf7b3 Qe4e3
60.Qb3xc3 Qe3xc3
61.Ka4 Qc3c6
{ resign }
0-1

[Event "Tourn. n9820"]
[Site "www.echecsemail.com"]
[Date "2018.07.22"]
[Round "1"]
[White "Ejner"]
[Black "Rons"]
[WhiteElo "2430"]
[BlackElo "2650"]
[Result "0-1"]
[Round "1"]
1.d4 Ng8f6
2.c4 e6
3.Nb1c3 Bf8b4
4.Qd1c2 O-O
5.a3 Bb4xc3
6.Qc2xc3 b6
7.Bc1g5 Bc8b7
8.e3 d6
9.Ng1e2 Nb8d7
10.Qc3d3 Bb7a6
11.b4 c5
12.b5 Ba6b7
13.Ne2c3 a6
14.f3 h6
15.Bg5h4 axb5
16.Nc3xb5 d5
17.cxd5 exd5
18.Bf1e2 c4
19.Qd3d2 Bb7c6
20.Nb5c3 Qd8e7
21.Qd2c1 Rf8e8
22.Bh4f2 b5
23.Qc1b2 Ra8a6
24.O-O Re8a8
25.Rf1b1 Ra6xa3
26.Ra1xa3 Ra8xa3
27.Be2d1 b4
28.Nc3e2 Bc6a4
29.Bd1xa4 Ra3xa4
30.h3 Nd7b6
31.Rb1a1 g6
32.Ra1xa4 Nb6xa4
33.Qb2a1 Qe7e8
34.Kf1 b3
{ resign }
0-1

[Event "Tourn. n9837"]
[Site "www.echecsemail.com"]
[Date "2018.07.22"]
[Round "1"]
[White "Juheset"]
[Black "Bevittsmith"]
[WhiteElo "2010"]
[BlackElo "2180"]
[Result "0-1"]
[Round "1"]
1.e3 e5
2.d4 exd4
3.exd4 d5
4.Ng1f3 Ng8f6
5.Bf1d3 Bf8e7
6.Bc1e3 O-O
7.c3 Bc8e6
8.Qd1c2 Nb8d7
9.Nb1d2 c5
10.dxc5 Be7xc5
11.Be3xc5 Nd7xc5
12.O-O Nc5xd3
13.Qc2xd3 Qd8b6
 { time }
0-1

[Event "Match"]
[Site "www.echecsemail.com"]
[Date "2018.07.22"]
[Round "1"]
[White "Llord"]
[Black "J1j6"]
[WhiteElo "1950"]
[BlackElo "2179"]
[Result "1/2-1/2"]
[Round "1"]
1.e4 c5
2.Bf1c4 e6
3.Ng1f3 d5
4.exd5 exd5
5.Bc4b5 Bc8d7
6.Bb5xd7 Nb8xd7
7.O-O Bf8d6
8.Rf1e1 Ng8e7
9.d4 Qd8c7
10.g3 c4
11.Nb1c3 Nd7f6
12.Nc3b5 Qc7d7
13.Nb5xd6 Qd7xd6
14.Bc1g5 Nf6e4
15.Bg5xe7 Qd6xe7
16.Nf3d2 O-O
17.Nd2xe4 dxe4
18.Qd1g4 f5
19.Qg4f4 Qe7b4
20.Ra1b1 Ra8d8
21.c3 Qb4a5
22.a3 Qa5d5
23.h4 b5
24.Rb1a1 h6
25.a4 a6
26.axb5 Qd5xb5
27.Ra1a2 Rd8a8
28.Re1a1 Kh7
{ draw }
1/2-1/2

[Event "Match"]
[Site "www.echecsemail.com"]
[Date "2018.07.22"]
[Round "1"]
[White "Grischuk2789"]
[Black "Micheles"]
[WhiteElo "1809"]
[BlackElo "2570"]
[Result "1/2-1/2"]
[Round "1"]
1.d4 Ng8f6
2.Ng1f3 g6
3.c4 Bf8g7
4.Nb1c3 d5
5.Qd1b3 dxc4
6.Qb3xc4 O-O
7.e4 a6
8.Qc4b3 b5
9.Bf1e2 c5
10.dxc5 Bc8b7
11.e5 Nf6d7
12.Bc1e3 Nd7xe5
13.Nf3xe5 Bg7xe5
14.Ra1d1 Qd8c7
15.Nc3d5 Bb7xd5
16.Qb3xd5 Nb8c6
17.Be2f3 Ra8c8
18.Qd5xc6 Qc7xc6
19.Bf3xc6 Rc8xc6
20.Rd1d2 b4
21.Ke2 f5
22.f4 Be5f6
23.b3 Rf8e8
24.Kf2 { draw }
1/2-1/2

[Event "Tourn. n9843"]
[Site "www.echecsemail.com"]
[Date "2018.07.22"]
[Round "1"]
[White "Jose"]
[Black "Sachpat"]
[WhiteElo "2800"]
[BlackElo "2810"]
[Result "1-0"]
[Round "1"]
1.d4 Ng8f6
2.Ng1f3 g6
3.c4 Bf8g7
4.Nb1c3 O-O
5.e4 d6
6.Bf1e2 c6
7.O-O e5
8.d5 Nb8a6
9.Bc1e3 c5
10.Be3g5 h6
11.Bg5d2 Na6c7
12.a3 Nf6h5
13.g3 Bc8h3
14.Rf1e1 a5
15.Nf3h4 Nh5f4
16.Be2f1 Bh3xf1
17.Re1xf1 Nf4h3
18.Kh1 Nh3g5
19.Nh4g2 Qd8d7
20.Qd1e2 Ng5h7
21.Ng2e3 Nh7f6
22.f4 a4
23.Rf1f2 Ra8e8
24.f5 Re8b8
25.g4 b5
26.Qe2f3 g5
27.h4 gxh4
28.Rf2h2 Qd7d8
29.Qf3g2 { resign }
1-0

[Event "Match"]
[Site "www.echecsemail.com"]
[Date "2018.07.22"]
[Round "1"]
[White "Apdash"]
[Black "Aiko1603"]
[WhiteElo "1810"]
[BlackElo "2130"]
[Result "1-0"]
[Round "1"]
1.d4 Ng8f6
2.c4 e6
3.Bc1g5 Bf8e7
4.Nb1c3 h6
5.Bg5h4 g5
6.Bh4g3 Be7b4
7.a3 Bb4xc3
8.bxc3 Nf6e4
9.Qd1d3 Ne4xg3
10.Qd3xg3 Qd8f6
11.e4 Nb8c6
12.e5 Qf6f5
13.Bf1d3 Qf5f4
14.Qg3h3 g4
15.Qh3e3 Qf4xe3
16.fxe3 Nc6a5
17.Ng1e2 b6
18.d5 exd5
19.cxd5 Bc8b7
20.c4 O-O-O
21.Ra1c1 Rd8e8
22.Bd3f5 Re8xe5
23.e4 h5
24.O-O Bb7a6
25.Rf1d1 Ba6xc4
26.Ne2f4 Bc4b5
27.Rc1b1 Bb5a6
28.Rd1c1 Kd8
29.Rb1b4 Na5b7
30.Rb4a4 Nb7c5
31.Rc1xc5 bxc5
32.Ra4xa6 d6
33.Ra6xa7 Re5e8
34.Nf4e2 Rh8h6
35.Ne2c3 Rh6f6
36.Nc3b5 Rf6xf5
37.exf5 { resign }
1-0

[Event "Tourn. n9879"]
[Site "www.echecsemail.com"]
[Date "2018.07.22"]
[Round "1"]
[White "Fantomas"]
[Black "Mitja"]
[WhiteElo "2160"]
[BlackElo "2050"]
[Result "1-0"]
[Round "1"]
1.e4 d5
2.exd5 Qd8xd5
3.Nb1c3 Qd5d8
4.Bf1c4 e6
5.d3 c6
6.Ng1f3 h6
7.O-O Ng8f6
8.h3 b6
9.Rf1e1 Bc8b7
10.Bc1f4 Nb8d7
11.a3 Nf6d5
12.Bf4d2 Nd5xc3
13.Bd2xc3 Nd7f6
14.Nf3e5 Bf8d6
15.Ne5g4 Bd6e7
16.Qd1e2 O-O
17.Ra1d1 c5
18.d4 cxd4
19.Rd1xd4 Qd8c7
20.Ng4e5 Ra8d8
21.Rd4xd8 Be7xd8
22.Ne5g4 Qc7c6
23.Ng4e3 Nf6d5
24.Bc4xd5 exd5
25.Qe2g4 Qc6g6
26.Qg4xg6 fxg6
27.Re1d1 Bd8f6
28.Bc3xf6 gxf6
29.Ne3xd5 Bb7xd5
30.Rd1xd5 Rf8f7
31.c4 g5
32.f3 Rf7e7
33.Kf2 Kf7
34.b4 Ke6
35.Ke3 Kf7
36.Kd2 Re7c7
37.Kd3 Ke6
38.g4 a6
39.Kd4 Rc7b7
40.Rd5d8 Rb7d7
41.Rd8xd7 Kxd7
42.Kd5 b5
43.c5 { resign }
1-0

[Event "Match"]
[Site "www.echecsemail.com"]
[Date "2018.07.22"]
[Round "1"]
[White "Eeze"]
[Black "Dussek"]
[WhiteElo "1879"]
[BlackElo "1750"]
[Result "1/2-1/2"]
[Round "1"]
1.e4 c5
2.c3 d6
3.h3 Nb8c6
4.Ng1f3 a6
5.Bf1c4 Ng8f6
6.Nf3g5 e6
7.O-O Bf8e7
8.Ng5f3 b5
9.Bc4e2 Nf6xe4
10.d3 Ne4f6
11.a3 O-O
12.b4 Bc8b7
13.Bc1g5 Nc6e5
14.Nf3xe5 dxe5
15.Qd1c2 Qd8c7
16.Nb1d2 h6
17.Bg5h4 Ra8d8
18.Nd2e4 Nf6xe4
19.Bh4xe7 Qc7xe7
20.dxe4 c4
21.Ra1d1 Rd8d7
22.Rd1xd7 Qe7xd7
23.Rf1d1 Qd7c6
24.f3 Qc6b6
25.Kf1 f5
26.Rd1d7 f4
27.Qc2d2 Bb7c6
28.Rd7d6 Rf8e8
29.Qd2e1 Kf7
30.Qe1f2 Qb6xf2
31.Kxf2 Bc6b7
32.Rd6d7 Re8e7
33.Rd7xe7 Kxe7
34.g3 g5
35.g4 Kf6
36.Be2f1 Kg6
37.Kg2 h5
38.Kf2 h4
39.Bf1e2 Kf7
40.Be2d1 Ke7
41.Bd1c2 Kd6
42.Ke2 Kc6
43.Kd2 Kb6
44.Kc1 a5
45.bxa5 Kxa5
46.Kb2 Bb7c6
47.Ka2 Bc6d7
{ draw }
1/2-1/2

[Event "Match"]
[Site "www.echecsemail.com"]
[Date "2018.07.22"]
[Round "1"]
[White "Gimmyg"]
[Black "Apdash"]
[WhiteElo "2540"]
[BlackElo "1810"]
[Result "1-0"]
[Round "1"]
1.Ng1f3 Ng8f6
2.b3 d5
3.Bc1b2 e6
4.e3 Bf8e7
5.Bf1e2 c5
6.O-O O-O
7.Nf3e5 Nb8c6
8.Ne5xc6 bxc6
9.f4 d4
10.Nb1a3 a5
11.Na3c4 Bc8a6
12.Nc4e5 Ba6xe2
13.Qd1xe2 a4
14.Ne5xc6 Qd8c7
15.Nc6xe7 Qc7xe7
16.exd4 cxd4
17.Bb2xd4 axb3
18.axb3 Ra8xa1
19.Rf1xa1 Nf6d5
20.c4 Nd5xf4
21.Qe2e4 Nf4g6
22.Bd4c3 Rf8d8
23.Ra1a8 h6
24.Qe4d4 { resign }
1-0

[Event "Match"]
[Site "www.echecsemail.com"]
[Date "2018.07.22"]
[Round "1"]
[White "Paes19"]
[Black "J1j6"]
[WhiteElo "1970"]
[BlackElo "2180"]
[Result "0-1"]
[Round "1"]
1.e4 e5
2.Ng1f3 Ng8f6
3.Nb1c3 d6
4.Bf1c4 Bc8e6
5.d3 Be6xc4
6.dxc4 Nb8c6
7.a3 Bf8e7
8.O-O a6
9.Rf1e1 Nc6a5
10.b3 Na5c6
11.Bc1g5 h6
12.Bg5h4 g5
13.Bh4g3 Nf6h5
 { time }
0-1

[Event "Tourn. n9865"]
[Site "www.echecsemail.com"]
[Date "2018.07.22"]
[Round "1"]
[White "Urbe69"]
[Black "Mitja"]
[WhiteElo "2270"]
[BlackElo "2030"]
[Result "1-0"]
[Round "1"]
1.c4 d5
2.Ng1f3 dxc4
3.e4 e6
4.Bf1xc4 c6
5.O-O b6
6.Nb1c3 Bc8b7
7.d4 h6
8.d5 cxd5
9.exd5 exd5
10.Bc4xd5 Bb7xd5
11.Qd1xd5 Qd8xd5
12.Nc3xd5 Bf8d6
13.Rf1e1 Ng8e7
14.Nd5xe7 Bd6xe7
15.b3 Nb8c6
16.Bc1a3 Ra8c8
17.Nf3d4 O-O
18.Ba3xe7 Rf8e8
19.Nd4xc6 Rc8xc6
20.Kf1 a6
21.Be7h4 Re8xe1
22.Kxe1 Rc6e6
23.Kd2 Re6c6
24.Bh4g3 f6
25.Ra1c1 Rc6e6
26.Rc1c7 b5
27.Bg3f4 Kh7
28.Bf4e3 Re6d6
29.Kc3 Kg6
30.Kb4 h5
31.Ka5 Rd6e6
32.Rc7a7 f5
33.Ra7xa6 { resign }
1-0

[Event "Match"]
[Site "www.echecsemail.com"]
[Date "2018.07.22"]
[Round "1"]
[White "Apdash"]
[Black "Stevep84"]
[WhiteElo "1810"]
[BlackElo "2290"]
[Result "1/2-1/2"]
[Round "1"]
1.e4 c6
2.d4 d5
3.exd5 cxd5
4.Ng1f3 Nb8c6
5.Bf1e2 Bc8f5
6.O-O e6
7.Bc1f4 Bf8d6
8.Bf4xd6 Qd8xd6
9.c3 Ng8e7
10.Nb1a3 O-O
11.Na3b5 Qd6d7
12.Nf3h4 a6
13.Nh4xf5 Ne7xf5
14.Nb5a3 Ra8c8
15.Na3c2 Nc6a5
16.Nc2e3 Nf5xe3
17.fxe3 Na5c4
18.Be2xc4 Rc8xc4
19.Qd1d3 Rf8c8
20.Rf1f3 b5
21.Ra1f1 Rc8f8
22.e4 dxe4
23.Qd3xe4 f6
24.Rf3h3 g6
25.Rf1e1 e5
26.b3 Rc4c7
27.dxe5 Rf8e8
28.e6 Qd7d6
29.Rh3d3 Qd6b6
30.Kh1 Rc7e7
31.Rd3e3 Re7xe6
32.Qe4xe6 Re8xe6
33.Re3xe6 Qb6f2
34.Re6e2 Qf2c5
35.Re2e3 Qc5a3
36.Re3e2 Qa3d6
37.h3 Kg7
38.Re2e6 Qd6d2
39.Re1e2 Qd2xc3
40.Re6xa6 Qc3c1
41.Kh2 Qc1f4
42.g3 Qf4f3
43.Ra6e6 Kh6
{ draw }
1/2-1/2

[Event "Tourn. n9850"]
[Site "www.echecsemail.com"]
[Date "2018.07.22"]
[Round "1"]
[White "Darko10"]
[Black "Destructor"]
[WhiteElo "2870"]
[BlackElo "2510"]
[Result "1-0"]
[Round "1"]
1.d4 d5
2.c4 c6
3.Ng1f3 e6
4.e3 Ng8f6
5.Bf1d3 dxc4
6.Bd3xc4 Nb8d7
7.O-O Bf8d6
8.Qd1c2 O-O
9.Nb1c3 b5
10.Bc4d3 Bc8b7
11.a3 a6
12.Nf3g5 Bd6xh2
13.Kxh2 Nf6g4
14.Kg1 Qd8xg5
15.f3 Ng4f6
16.e4 Qg5h4
17.Bc1e3 e5
18.Nc3e2 exd4
19.Ne2xd4 g6
20.b4 Nf6h5
21.Nd4e2 Nd7e5
22.Qc2c3 Ne5xd3
23.Qc3xd3 Bb7c8
24.Qd3d2 Rf8d8
25.Qd2c1 Qh4e7
26.Qc1xc6 Bc8e6
27.Rf1d1 Be6c4
28.Ne2f4 Nh5xf4
29.Be3xf4  { time }
1-0

[Event "Match"]
[Site "www.echecsemail.com"]
[Date "2018.07.22"]
[Round "1"]
[White "Dussek"]
[Black "Lug47"]
[WhiteElo "1760"]
[BlackElo "1550"]
[Result "1-0"]
[Round "1"]
1.e4 e5
2.Ng1f3 Ng8f6
3.Nf3xe5 Bf8d6
4.Ne5f3 O-O
5.e5 Rf8e8
6.d4 Bd6xe5
7.dxe5 Nf6d5
8.Bf1c4 Nd5f6
9.O-O Nf6g4
10.Rf1e1 h6
11.Nb1c3 Nb8c6
12.Bc1f4 b5
13.Bc4d5 b4
14.Bd5xc6 Qd8e7
15.Nc3d5 Qe7c5
16.Re1f1 d6
17.Bc6xe8 Bc8a6
18.h3 Ra8xe8
19.hxg4 dxe5
20.Bf4e3 Re8d8
21.Be3xc5 c6
22.Nd5e7 Kf8
23.Qd1xd8 { resign }
1-0

[Event "Tourn. n9853"]
[Site "www.echecsemail.com"]
[Date "2018.07.22"]
[Round "1"]
[White "Szustan"]
[Black "Tonino1"]
[WhiteElo "2610"]
[BlackElo "2250"]
[Result "1-0"]
[Round "1"]
1.e4 d6
2.Ng1f3 Ng8f6
3.d3 c6
4.Bf1e2 g6
5.Nb1c3 Bf8g7
6.O-O O-O
7.d4 Qd8c7
8.a4 e5
9.dxe5 dxe5
10.Bc1e3 Rf8d8
11.Qd1b1 Nf6g4
12.Be3c1 f6
13.Be2c4 Kh8
14.h3 Ng4h6
15.Bc1e3 Nb8d7
16.Rf1d1 Nd7b6
17.Bc4b3 a5
18.Rd1xd8 Qc7xd8
19.Qb1f1 Qd8c7
20.Ra1d1 Ra8a6
21.Be3xb6 Ra6xb6
22.Qf1d3 Nh6f7
23.Bb3xf7 Qc7xf7
24.Qd3d8  { time }
1-0

[Event "Tourn. n9881"]
[Site "www.echecsemail.com"]
[Date "2018.07.22"]
[Round "1"]
[White "Dougbeer"]
[Black "Claudia"]
[WhiteElo "1979"]
[BlackElo "1920"]
[Result "1-0"]
[Round "1"]
1.e4 e5
2.Ng1f3 Nb8c6
3.Bf1c4 Ng8f6
4.d4 exd4
5.e5 Nf6e4
6.Qd1e2 Ne4c5
7.c3 dxc3
8.Nb1xc3 Bf8e7
9.O-O  { time }
1-0

[Event "Tourn. n9854"]
[Site "www.echecsemail.com"]
[Date "2018.07.23"]
[Round "1"]
[White "Cal"]
[Black "Reda"]
[WhiteElo "1790"]
[BlackElo "1680"]
[Result "0-1"]
[Round "1"]
1.d4 d5
2.h3 Bc8f5
3.Nb1c3 Nb8c6
4.e3 Nc6b4
5.Bf1d3 Ng8f6
6.a3 Bf5xd3
7.cxd3 Nb4c6
8.Ng1f3 e6
9.O-O Bf8d6
10.b4 O-O
11.Nc3e2 Rf8e8
12.b5 Nc6e7
13.Nf3h4 c6
14.f4 cxb5
15.Bc1b2 h6
16.Bb2c3 Qd8b6
17.Rf1f3 Ne7c6
18.Rf3g3 b4
19.axb4 Kh7
20.Kh2 Nc6xb4
21.Bc3xb4 Qb6xb4
22.Ra1b1 Qb4a5
23.Rb1xb7 Kg8
24.e4 dxe4
25.Ne2c1 exd3
26.Nc1xd3 Nf6e4
27.Rg3g4 h5
28.Rg4g5 Ne4xg5
29.Qd1xh5 g6
30.Qh5xg5 Qa5xg5
31.g3 Qg5d5
32.g4 Qd5xb7
33.Nh4g2 Qb7f3
34.Nd3e1 Bd6xf4
35.Ng2xf4 Qf3xf4
36.Kg2 Qf4xd4
37.Kg3 a5
38.h4 Qd4e3
{ resign }
0-1

[Event "Tourn. n9872"]
[Site "www.echecsemail.com"]
[Date "2018.07.23"]
[Round "1"]
[White "Cathar"]
[Black "Tartan"]
[WhiteElo "2370"]
[BlackElo "2560"]
[Result "0-1"]
[Round "1"]
1.c4 e5
2.g3 Ng8f6
3.Bf1g2 c6
4.d4 exd4
5.Qd1xd4 d5
6.Ng1f3 Bc8e6
7.O-O Nb8d7
8.cxd5 Bf8c5
9.Qd4d3 Nf6xd5
10.e4 Nd5b4
11.Qd3e2 Nb4xa2
12.Nf3g5 Na2xc1
13.Rf1xc1 Qd8xg5
{ resign }
0-1

[Event "Match"]
[Site "www.echecsemail.com"]
[Date "2018.07.23"]
[Round "1"]
[White "Apdash"]
[Black "Luzhin"]
[WhiteElo "1840"]
[BlackElo "2510"]
[Result "1/2-1/2"]
[Round "1"]
1.e4 e5
2.Ng1f3 Nb8c6
3.Bf1b5 a6
4.Bb5xc6 dxc6
5.d4 exd4
6.Nf3xd4 c5
7.Nd4b3 Qd8xd1
8.Kxd1 Bf8d6
9.Bc1e3 b6
10.Nb1d2 Bc8e6
11.f3 O-O-O
12.Ke2 Ng8e7
13.Ra1d1 h5
14.h3 Kb7
15.c4 Ne7c6
16.f4 f6
17.Rh1f1 Rh8g8
18.Nd2f3 Be6xc4
19.Kf2 Bc4xf1
20.Kxf1 Rg8e8
21.e5 fxe5
22.f5 Re8f8
23.g4 g6
24.Be3g5 hxg4
25.hxg4 gxf5
26.Bg5xd8 fxg4
27.Bd8h4 gxf3
{ draw }
1/2-1/2

[Event "Match"]
[Site "www.echecsemail.com"]
[Date "2018.07.23"]
[Round "1"]
[White "Caspito"]
[Black "J1j6"]
[WhiteElo "1940"]
[BlackElo "1930"]
[Result "0-1"]
[Round "1"]
1.e4 c5
2.d4 a6
3.d5 e6
4.c4 exd5
5.cxd5 b5
6.Ng1f3 c4
7.Bc1e3 Ng8f6
8.e5 Nf6e4
9.Nb1c3 Qd8a5
10.Bf1e2 Ne4xc3
11.bxc3 Qa5xc3
12.Be3d2 Qc3a3
13.O-O Bc8b7
14.Bd2f4 Qa3c5
15.d6 h6
16.Nf3h4 g5
17.Be2f3 Bb7xf3
18.Qd1xf3 Nb8c6
19.e6 fxe6
20.Nh4g6 Rh8g8
21.Ng6xf8 Rg8xf8
22.Qf3h5 Rf8f7
23.Ra1d1 Qc5f5
24.Bf4e3 O-O-O
25.Qh5xh6 Rd8g8
26.Qh6h5 Rf7h7
27.Qh5e2 Qf5e5
28.g3 Rg8h8
29.Rf1e1 Rh7xh2
30.Qe2g4 Rh2h1
31.Kg2 Rh8h2
32.Kf3 Qe5f6
33.Ke2 Qf6b2
34.Rd1d2 Rh1xe1
35.Kxe1 Qb2e5
36.Kf1 Nc6b4
37.Kg1 Rh2h7
38.Qg4xg5 Qe5a1
{ resign }
0-1

[Event "Tourn. n9845"]
[Site "www.echecsemail.com"]
[Date "2018.07.23"]
[Round "1"]
[White "Tonino1"]
[Black "Coolant"]
[WhiteElo "2210"]
[BlackElo "2340"]
[Result "0-1"]
[Round "1"]
1.d4 Ng8f6
2.f4 d5
3.e3 Bc8f5
4.Bf1d3 e6
5.Ng1f3 c5
6.Bd3xf5 exf5
7.c3 Nb8c6
8.O-O Qd8b6
9.Qd1e2 Nf6e4
10.Nb1d2 Bf8e7
11.Nf3e5 Ra8d8
12.Qe2h5 g6
13.Qh5h3 O-O
14.Nd2xe4 dxe4
15.g4 fxg4
16.Qh3xg4 f5
17.Qg4g3 Nc6xe5
18.fxe5 c4
19.Ra1b1 Qb6a6
20.a3 b5
21.Bc1d2 Qa6e6
22.h4 h5
23.Kh2 Kh7
24.Rf1g1 Rf8g8
25.Qg3f4 Be7f8
26.Rg1g2 Bf8h6
27.Qf4f2 a5
28.Rb1g1 Rg8g7
29.Qf2e2 Qe6e7
30.Qe2f2 Rd8b8
31.Qf2e1 Rb8b6
32.Kh3 Qe7d7
33.Kh2 Rg7f7
34.Qe1f2 Bh6f8
35.Rg2g5 Bf8e7
36.Rg5g2 Qd7d8
37.Kh3 Rf7g7
38.Qf2e2 Be7xh4
39.Bd2e1 Bh4xe1
40.Qe2xe1 g5
41.Qe1f2 g4
42.Kh2 g3
43.Rg2xg3 Qd8h4
44.Kg2 Rg7xg3
45.Qf2xg3 Rb6g6
 { time }
0-1

[Event "Tourn. n9885"]
[Site "www.echecsemail.com"]
[Date "2018.07.23"]
[Round "1"]
[White "Alekpax"]
[Black "Cirovicz"]
[WhiteElo "2340"]
[BlackElo "2140"]
[Result "1-0"]
[Round "1"]
1.e4 c5
2.Ng1f3 e6
3.Nb1c3 Nb8c6
4.d4 cxd4
5.Nf3xd4 e5
6.Nd4b5 a6
7.Nb5d6 Bf8xd6
8.Qd1xd6 Qd8e7
9.Qd6d3 Ng8f6
10.Bc1g5 h6
11.Bg5h4 g5
12.Bh4g3 Qe7c5
13.h4 g4
14.O-O-O b5
15.h5 b4
16.Nc3d5 Nf6xd5
17.exd5 Nc6e7
18.Bg3xe5 Rh8g8
19.Rd1e1 Qc5xf2
20.Be5g3 Qf2f6
21.d6 Bc8b7
22.Re1xe7 Kf8
23.Qd3d2 a5
24.Bg3h4 { resign }
1-0